| 000 | 00652nam a22002057a 4500 | ||
|---|---|---|---|
| 005 | 20090221154012.0 | ||
| 008 | 090221t xxu||||| |||| 00| f eng d | ||
| 020 |
_a9780330449601 _c£7.99 |
||
| 037 | _bAakar Books | ||
| 040 |
_adpl _bEnglish |
||
| 082 | _aN | ||
| 100 | _aMorton, Kate | ||
| 245 |
_aThe forgotten garden / _cby Kate Morton |
||
| 260 |
_aLondon _bPan Macmillan _c2008 |
||
| 270 |
_a20,New Wharf Road _bLondon _eN1 9RR |
||
| 300 |
_a529p. _c21cm.(pbk) |
||
| 942 |
_2ddc _cEN _hN _mMOR |
||
| 999 |
_c24168 _d24168 |
||